000 00340nam a22001457a 4500
008 221114b ||||| |||| 00| 0 eng d
020 _a3540098305
041 _aeng
080 _2volume 23/24
_a521
082 _a521 BOH
100 _a19.1
101 _aAST
245 _aASTRONOMY AND ASTROPHYSICS ABSTRACTS
_cBOHME S
942 _2udc
_cBK
999 _c58873
_d58873